00568cam a22002171 4500001001300000003000400013005001700017008004100034010001700075035002000092040004100112042001200153050002300165100003000188245002000218250001300238260005200251300001900303500001300322999001500335af 48003546 DLC20260227110903.0890505s1944 be 000 1 dut c aaf 48003546  a(OCoLC)19660366 aCalifornia. Univ. Libr.cCUdCUdDLC apremarc00aPT6434.L7bE8 19441 aLebeau, Paul,d1908-1982.14aHet experiment. a2. druk. aAntwerpen,bDe Nederlandsche Boekhandelc[1944] a225 p.c21 cm. aA novel. c5647d5647